Statistics for Cities Beginning With "D" on a Map

Click here to take the quiz!

General Stats

  • This quiz has been taken 21,679 times
    (21,362 since last reset)
  • The average score is 15 of 30

Answer Stats

City % Correct
Dublin
94%
Detroit
88%
Dallas
85%
Denver
84%
Dubai
79%
Delhi
77%
Dhaka
67%
Dakar
66%
Dusseldorf
66%
Damascus
65%
Djibouti
64%
Darwin
58%
Doha
58%
Durban
54%
Dresden
54%
Dar es Salaam
53%
Dundee
49%
Des Moines
46%
Dijon
45%
Dushanbe
38%
Dili
38%
Dodoma
37%
Donetsk
31%
Da Nang
21%
Daegu
17%
Douala
16%
Dalian
16%
Davao
13%
Dammam
12%
Dongguan
8%

Score Distribution

Percentile by Number Answered

Percent of People with Each Score

Your Score History

You have not taken this quiz since the last reset